|
|
|
|
| LEADER |
01994nam a2200337 a 4500 |
| 001 |
13464541 |
| 008 |
110330t20152003bg b b 001 0 eng d |
| 999 |
|
|
|c 10608
|d 10608
|
| 010 |
|
|
|a 2003323775
|
| 020 |
|
|
|a 9840516884
|
| 020 |
|
|
|a 9789845061094
|
| 040 |
|
|
|a DLC
|c DLC
|d BD-DhAAL
|
| 082 |
0 |
4 |
|a 954.9205
|
| 100 |
0 |
|
|a Harun-or-Rashid,
|d 1954-
|9 40668
|
| 245 |
1 |
4 |
|a The foreshadowing of Bangladesh :
|b bengal muslim league and muslim politics, 1906-1947 /
|c Harun-or-Rashid.
|
| 250 |
|
|
|a Revised and enlarged edition
|
| 260 |
|
|
|a Dhaka :
|b The University Press,
|c c2003.
|
| 300 |
|
|
|a xviii, 382 pages :
|b maps ;
|c 22 cm.
|
| 504 |
|
|
|a Includes bibliographical references (pages [365]-372) and index.
|
| 520 |
|
|
|a With reference to erstwhile Bengal, India, part of which is now Bangladesh.
|
| 526 |
|
|
|a GenEd
|
| 541 |
1 |
|
|e 00022275, 37380, 37381
|
| 610 |
2 |
0 |
|a Bengal Provincial Muslim League
|x History.
|9 40669
|
| 650 |
|
0 |
|a Muslims
|z India
|z Bengal
|x Politics and government
|y 20th century.
|9 40670
|
| 651 |
|
0 |
|a Bengal (India)
|x Politics and government
|y 20th century.
|9 40671
|
| 852 |
4 |
|
|a Ayesha Abed library
|c General Shelf
|
| 942 |
|
|
|2 ddc
|c BK
|
| 952 |
|
|
|0 0
|1 0
|2 ddc
|4 0
|6 954_920500000000000_HAR
|7 0
|9 15932
|a BDI
|b BDI
|c GEN
|d 2011-03-30
|e The University Press Ltd.
|g 525.00
|l 0
|o 954.9205 HAR
|p 3050022275
|r 2011-03-30
|t 1
|w 2011-03-30
|y BK
|
| 952 |
|
|
|0 0
|1 0
|2 ddc
|4 0
|6 954_920500000000000_HAR
|7 0
|9 69174
|a SCL
|b SCL
|c GEN
|d 2020-12-09
|e Hye Trade International
|g 622.00
|l 1
|m 17
|o 954.9205 HAR
|p 3020037380
|r 2025-09-01
|s 2025-03-04
|t 2
|v 622.00
|w 2020-12-09
|y BK
|x Received during COVID-19 pandemic
|
| 952 |
|
|
|0 0
|1 0
|2 ddc
|4 0
|6 954_920500000000000_HAR
|7 0
|9 69175
|a SCL
|b SCL
|c GEN
|d 2020-12-09
|e Hye Trade International
|g 622.00
|l 2
|o 954.9205 HAR
|p 3020037381
|r 2025-04-09
|s 2025-04-09
|t 3
|v 622.00
|w 2020-12-09
|y BK
|x Received during COVID-19 pandemic
|
| 952 |
|
|
|0 0
|1 0
|2 ddc
|4 0
|6 954_920500000000000_HAR
|7 0
|9 71443
|a SCL
|b SCL
|c GEN
|d 2022-08-02
|e Book Finder International
|g 603.33
|l 0
|o 954.9205 HAR
|p 3020039409
|r 2022-08-02
|t 4
|v 0.00
|w 2022-08-02
|y BK
|